| 000 | 01075nam a2200265 i 4500 | ||
|---|---|---|---|
| 001 | bg | ||
| 100 | 1 | _aNICZYJ, Janusz | |
| 245 | 1 | 0 |
_aWielokryterialna optymalizacja niezawodnościowa oraz szacowanie stanu technicznego konstrukcji prętowych z zastosowaniem teorii zbiorów rozmytych / _cJanusz Niczyj. |
| 260 |
_aSzczecin : _bWydaw. Uczelniane PS, _c2003. |
||
| 300 |
_a229 s. : _bwykr. ; _c24 cm. |
||
| 490 | 1 |
_aPrace Naukowe Politechniki Szczecińskiej. Katedra Teorii Konstrukcji, _x1731-3007 ; _vnr 3 |
|
| 500 | _aNr w serii gł. 581, streszcz. ang. i niem. | ||
| 504 | _aBibliogr. | ||
| 650 | 9 |
_aKonstrukcje budowlane _xbadanie |
|
| 650 | 9 |
_aKonstrukcje budowlane _xbezpieczeństwo |
|
| 650 | 9 |
_aZbiory rozmyte _xstosowanie |
|
| 650 | 9 |
_aOptymalizacja _xstosowanie _xbudownictwo |
|
| 650 | 9 |
_aDiagnostyka techniczna _xmetody |
|
| 830 |
_aPrace Naukowe Politechniki Szczecińskiej. Katedra Teorii Konstrukcji, _x1731-3007 ; |
||
| 040 | _cBPK | ||
| 041 | 0 |
_apol _bengger |
|
| 080 | _a624.01/.07:519.8 | ||
| 942 | _cKS | ||
| 008 | s pl f |000 0 pol | ||
| 999 |
_c44598 _d44598 |
||
| 856 |
_uhttp://koha.tu.koszalin.pl/cgi-bin/koha/opac-detail.pl?biblionumber=44598 _yKatalog online BPK |
||